000 00732 a2200217 4500
999 _c158356
_d158356
005 20181025165130.0
008 090302t xxu||||| |||| 00| 0 eng d
010 _aB-710708
020 _a8187943939
_c695.00
035 _aB-710708
037 _bPansy
040 _aDPL
_bEnglish
082 _a954.052092
100 _aAnsari, Yusuf
245 _aTriumph of Will :Sonia Gandhi /
_cby Yusuf Ansari
260 _aNew Delhi
_btara-india research press
_c2006
270 _aB-4/22, Safdarjung Enclave
_bNew Delhi
_e110029
_mbahrisons@vsnl.com
_k24694610
_l24618637
300 _a327p.
_c21cm. (Hb)
942 _adpl
_cEN
_2ddc
_h954.052092
_mANS